Taxation and the stock market valuation of capital gains and devidends (Registro nro. 25885)

Detalles MARC
000 -LEADER
fixed length control field 00398 a2200121 4500
001 - CONTROL NUMBER
control field ART_11839
005 - DATE AND TIME OF LATEST TRANSACTION
control field 20260410161901.0
008 - FIXED-LENGTH DATA ELEMENTS--GENERAL INFORMATION
fixed length control field 260409a
100 1# - MAIN ENTRY--PERSONAL NAME
Personal name Bradford, David F.
245 10 - TITLE STATEMENT
Title Taxation and the stock market valuation of capital gains and devidends
700 1# - ADDED ENTRY--PERSONAL NAME
Personal name Gordon, Roger H.
773 0# - HOST ITEM ENTRY
Title Journal of public economics
Related parts - Vol. 14, Nº 2 (oct. 1980)
Record control number REV11485

No hay ítems disponibles.